Výdavky na výskum a vývoj a inovačná výkonnosť podnikov v SR

Stav inovačného potenciálu malých a stredných podnikov v SR. Výsledky hodnotenia štúdie Innovation Union Scoreboard 2014. Inovačná výkonnosť členských štátov EÚ v roku 2014 hodnotená ukazovateľom SII. Výdavky na výskum a vývoj - kľúčový vstup inovačného systému. Porovnanie výdavkov eurozóny, V4 a EÚ...

Ausführliche Beschreibung

Gespeichert in:
Bibliographische Detailangaben
1. Verfasser: Bukovová, Sylvia, 1959-
Format: Buchkapitel
Sprache:Slowakisch
Schlagworte:
Tags: Tag hinzufügen
Keine Tags, Fügen Sie das erste Tag hinzu!

MARC

LEADER 00000nla a2200000 4500
001 0241392
005 20240502073929.9
041 0 |a slo 
044 |a SK 
245 1 0 |a Výdavky na výskum a vývoj a inovačná výkonnosť podnikov v SR  |c Sylvia Bukovová 
520 |a Stav inovačného potenciálu malých a stredných podnikov v SR. Výsledky hodnotenia štúdie Innovation Union Scoreboard 2014. Inovačná výkonnosť členských štátov EÚ v roku 2014 hodnotená ukazovateľom SII. Výdavky na výskum a vývoj - kľúčový vstup inovačného systému. Porovnanie výdavkov eurozóny, V4 a EÚ (priemer 28). Dlhodobé podfinancovanie výskumu a vývoja v SR. 
610 2 0 |a podnik malý 
610 2 0 |a podnik stredný 
610 2 0 |a inovácia 
610 2 0 |a konkurencieschopnosť 
610 2 0 |a financie 
610 2 0 |a financovanie 
610 2 0 |a výskum 
610 2 0 |a vývoj 
610 2 0 |a výkonnosť inovačná 
610 2 0 |a Slovensko 
610 2 0 |a eurozóna 
610 2 0 |a Vyšehradská štvorka 
100 1 |a Bukovová, Sylvia, 1959-